00764nam a2200157Ia 4500999001700000041001200017082001200029100007600041245018000117260006600297300000900363650005500372650002600427942001200453952014100465 c27016d27016 aEnglish aRS.0801 aSankaraiah, T.uDepartment of Econometrics, Sri Venkateswara University 0aSocio-economic development of women through self help groups in Rayalaseema region of Andhra Pradesh :ba case study of scheduled castes and scheduled tribes / cT. Sankaraiah aNew Delhi :bIndian Council of Social Science Research,c2017 aV.P. aSocio-economic development zIndiazAndhra Pradesh aeconomic development  2ddccBK 00102ddc40718MRPaNASSDOCbNASSDOCd2021-11-12eGifted by: RP Division ICSSRl0oRS.0801p51648r2021-12-13 00:00:00w2021-12-13yRP